[Event "BIH-chT1A 28th"]
[Site "Mostar"]
[Date "2021.08.08"]
[Round "4.2"]
[White "Osmanbegovic, Avdo"]
[Black "Musovic, Armin"]
[Result "0-1"]
[WhiteElo "1985"]
[BlackElo "2282"]
[PlyCount "94"]
[EventDate "2021.08.06"]
[EventType "team-tourn"]
[EventRounds "9"]
[EventCountry "BIH"]
[SourceTitle "CBM 203 Extra"]
[Source "ChessBase"]
[SourceDate "2021.09.30"]
[SourceVersion "1"]
[SourceVersionDate "2021.09.30"]
[SourceQuality "1"]
[WhiteTeam "Tesanj"]
[BlackTeam "Konjic Igman"]
[WhiteTeamCountry "BIH"]
[BlackTeamCountry "BIH"]

1. e4 c6 2. d4 d5 3. e5 c5 4. c3 cxd4 5. cxd4 Nc6 6. Nc3 Bf5 7. Bb5 e6 8. Nf3 a6 9. Bxc6+ bxc6 10. Qa4 Qb6 11. 0-0 Ne7 12. h3 h6 13. a3 g5 14. Re1 g4 15. hxg4 Bxg4 16. Nh2 Rg8 17. Nxg4 Rxg4 18. Be3 Nf5 19. f3 Rg6 20. Bf2 Be7 21. Ne2 Bg5 22. Rad1 Kd7 23. Rd3 Rb8 24. b4 h5 25. Qc2 Rbg8 26. Kh1 h4 27. a4 Bh6 28. b5 cxb5 29. axb5 Rxg2 30. Rg1 Rxg1+ 31. Bxg1 Ng3+ 32. Nxg3 hxg3 33. Kg2 Rc8 34. Rc3 Rxc3 35. Qxc3 Qxb5 36. Kxg3 a5 37. Qc2 Bf8 38. Be3 a4 39. Qh7 Ke8 40. Qc2 Qc4 41. Qb1 Qb3 42. Qf1 Qc4 43. Qb1 Bb4 44. Bd2 Qb3 45. Qe1 Be7 46. Bc1 Qb4 47. Bd2 Qxd4 0-1

[Event "BIH-chT2 27th"]
[Site "Lukavac"]
[Date "2020.10.31"]
[Round "3.2"]
[White "Hamzagic, Abdel"]
[Black "Osmanbegovic, Avdo"]
[Result "0-1"]
[WhiteElo "2028"]
[BlackElo "1977"]
[PlyCount "56"]
[EventDate "2020.10.30"]
[EventType "team-tourn"]
[EventRounds "5"]
[EventCountry "BIH"]
[SourceTitle "CBM 199 Extra"]
[Source "ChessBase"]
[SourceDate "2021.01.31"]
[SourceVersion "1"]
[SourceVersionDate "2021.01.31"]
[SourceQuality "1"]
[WhiteTeam "Zivinice"]
[BlackTeam "Tesanj"]
[WhiteTeamCountry "BIH"]
[BlackTeamCountry "BIH"]

1. c4 Nf6 2. Nc3 g6 3. Nf3 Bg7 4. d4 d6 5. Bg5 0-0 6. Qd2 Re8 7. 0-0-0 Bf5 8. h3 Na6 9. Qe3 c5 10. g4 cxd4 11. Nxd4 Bd7 12. Bg2 Qc7 13. b3 Rab8 14. Kb1 Qa5 15. Qd2 Nc5 16. Nd5 Qxd2 17. Rxd2 Nfe4 18. Nf3 Nxd2+ 19. Bxd2 a6 20. Ne1 b5 21. b4 bxc4 22. Nc2 a5 23. a3 e6 24. Nde3 d5 25. Ka2 Nb3 26. Be1 Nc1+ 27. Kb1 Nxe2 28. Ka2 Ba4 0-1

[Event "Lukavac op 5th"]
[Site "Lukavac"]
[Date "2016.11.25"]
[Round "2"]
[White "Osmanbegovic, Avdo"]
[Black "Lapo, Safet"]
[Result "1/2-1/2"]
[WhiteElo "2027"]
[BlackElo "1799"]
[PlyCount "50"]
[EventDate "2016.11.24"]
[EventType "swiss"]
[EventRounds "7"]
[EventCountry "BIH"]
[SourceTitle "EXT 2019"]
[Source "ChessBase"]
[SourceDate "2018.10.10"]
[SourceVersion "1"]
[SourceVersionDate "2018.10.10"]
[SourceQuality "1"]

1. e4 d5 2. exd5 Qxd5 3. Nc3 Qa5 4. Nf3 Nf6 5. Bc4 Bf5 6. 0-0 e6 7. Re1 Be7 8. d4 c6 9. Bd3 Bxd3 10. Qxd3 Nbd7 11. Bd2 Qc7 12. Ne2 0-0 13. c4 Rad8 14. Bf4 Bd6 15. Bxd6 Qxd6 16. Qc2 c5 17. Rad1 cxd4 18. Rxd4 Qc7 19. Ng3 Rfe8 20. h3 Nf8 21. Red1 Rxd4 22. Rxd4 Rd8 23. Qd3 Rxd4 24. Qxd4 b6 25. b3 N8d7 1/2-1/2